Statistics for Harry Potter First Names Quiz

Click here to take the quiz!

General Stats

  • This quiz has been taken 107 times
  • The average score is 22 of 24

Answer Stats

LastFirst% Correct
WeasleyRon
100%
SnapeSeverus
99%
DumbledoreAlbus
98%
MalfoyDraco
98%
PotterHarry
98%
LovegoodLuna
97%
ChangCho
95%
GrangerHermione
95%
LestrangeBellatrix
93%
McGonagallMinerva
93%
DiggoryCedric
92%
LongbottomNeville
92%
BlackSirius
91%
KrumViktor
90%
SkeeterRita
88%
HagridRubeus
87%
DursleyDudley
86%
LupinRemus
86%
UmbridgeDolores
85%
HufflepuffHelga
85%
MoodyAlastor
79%
LockhartGilderoy
78%
TrelawneySybill
77%
FlitwickFilius
76%

Score Distribution

Percentile by Number Answered

Percent of People with Each Score

Your Score History

You have not taken this quiz